000 00585cam a2200217 4500
001 20164
005 20230410120932.0
008 060907s1999 fr fre
020 _a2200250290
035 _9funglode20316
041 _afre
050 1 4 _aJC 423
_bN933d 1999
100 1 _aNouschi, Marc
245 1 3 _aLa démocratie aux Etats-Unis et en Europe (1918 - 1989) /
_cMarc Nouschi
260 _aParis :
_bArmond Colin,
_c1999
300 _a362 p.
440 0 _aCollection U - Histoire Contemporaine
650 0 _aDemocracy
650 4 _aDemocracia
942 _2lcc
_cbk
999 _c54746
_d54746